FC Bayern München Squad 2017-2018 - Statistics

General Stats
  • This quiz has been taken 29 times
  • The average score is 21 of 30
Answer Stats
# Position Nation Player % Correct
10 FW Netherlands Arjen Robben
100%
7 FW France Franck Ribéry
100%
9 FW Poland Robert Lewandowski
100%
23 MF Chile Arturo Vidal
96%
27 DF Austria David Alaba
96%
1 GK Germany Manuel Neuer
96%
8 MF Spain Javi Martínez
92%
17 DF Germany Jérôme Boateng
92%
5 DF Germany Mats Hummels
92%
26 GK Germany Sven Ulreich
92%
11 MF Colombia James Rodríguez
88%
29 FW France Kingsley Coman
88%
- Coach Italy Carlo Ancelotti
84%
32 DF Germany Joshua Kimmich
84%
6 MF Spain Thiago
84%
13 DF Brazil Rafinha
80%
25 FW Germany Thomas Müller
80%
4 DF Germany Niklas Süle
76%
24 MF France Corentin Tolisso
72%
14 DF Spain Juan Bernat
72%
- Coach Germany Jupp Heynckes
60%
2 FW Germany Sandro Wagner
52%
36 GK Germany Christian Früchtl
44%
22 GK Germany Tom Starke
44%
40 MF Croatia Fabian Benko
36%
19 MF Germany Sebastian Rudy
36%
- Coach France Willy Sagnol
32%
34 DF Austria Marco Friedl
28%
30 MF Germany Niklas Dorsch
28%
20 DF Germany Felix Götze
20%
No matching quizzes found
Score Distribution
Percent of People with Each Score
Percentile by Number Answered
Your Score History
You have not taken this quiz